The language complexity game
Αποθηκεύτηκε σε:
| Κύριος συγγραφέας: | |
|---|---|
| Μορφή: | Βιβλίο |
| Γλώσσα: | English |
| Δημοσίευση: |
Cambridge, Mass. :
MIT Press,
c1993.
|
| Σειρά: | Artificial intelligence (Cambridge, Mass.)
|
| Θέματα: | |
| Ετικέτες: |
Προσθήκη ετικέτας
Δεν υπάρχουν, Καταχωρήστε ετικέτα πρώτοι!
|
MARC
| LEADER | 00000cam a2200000 i 4500 | ||
|---|---|---|---|
| 001 | 1/72848 | ||
| 008 | 941103s1993 mau| ||| |||| ||eng|| | ||
| 020 | |a 0262181479 | ||
| 035 | |l 10048650 | ||
| 035 | |a 1993 |c ΠΑΝΑΓΙΩΤΟΠΟΥΛΟΣ | ||
| 040 | |a GR-MyUA |b gre |e AACR2 | ||
| 041 | 0 | |a eng | |
| 082 | 0 | |a 006.35 | |
| 100 | 1 | |a Ristad, Eric Sven. | |
| 245 | 1 | 4 | |a The language complexity game / |c Eric Sven Ristad. |
| 260 | |a Cambridge, Mass. : |b MIT Press, |c c1993. | ||
| 300 | |a xv, 148 σ. : |b εικ. ; |c 24 εκ. | ||
| 490 | 1 | |a (Artificial intelligence) | |
| 504 | |a Βιβλιογραφία: [139]-143. Ευρετήριο. | ||
| 650 | 0 | 0 | |a Natural language processing (Computer science) |
| 650 | 0 | 0 | |a Computational complexity. |
| 830 | 0 | |a Artificial intelligence (Cambridge, Mass.) | |
| 852 | |a INST |b SAMOS |e 19941103 |h 006.35 RIS |p 005300003745 |q 005300003745 |t BK |y 0 | ||
| 852 | |a INST |b SAMOS |e 19990506 |h 006.35 RIS |p 005300013127 |q 005300013127 |t BK |y 0 | ||
| 901 | |a BIBL-1999-2 | ||
| 909 | |a Σ |b 063995 | ||
| 909 | |a Σ |b 029569 | ||
| 922 | |a 3ΕΛΗ |b 199901 |c ΚΠΣ |d GLORY | ||
| 950 | |a 116-1998-08-10 | ||